Retratos de personajes del siglo XVI relacionados con la historia militar de España / (Record no. 39211)

MARC details
000 -LEADER
campo de control de longitud fija 01310nam a2200289 i 4500
001 - NÚMERO DE CONTROL
campo de control 39211
003 - IDENTIFICADOR DE NÚMERO DE CONTROL
campo de control ES-MaACL
005 - FECHA Y HORA DE LA ÚLTIMA TRANSACCIÓN
campo de control 20250929063106.0
007 - CAMPO FIJO DE DESCRIPCIÓN FÍSICA--INFORMACIÓN GENERAL
campo de control de longitud fija t|
008 - DATOS DE LONGITUD FIJA--INFORMACIÓN GENERAL
campo de control de longitud fija 030227s1919 sp ||||1| spa d
100 1# - ENTRADA PRINCIPAL--NOMBRE DE PERSONA
Nombre de persona Calvo y Sánchez, Ignacio,
Fechas asociadas al nombre 1864-1930
9 (RLIN) 33910
245 10 - MENCIÓN DEL TÍTULO
Título Retratos de personajes del siglo XVI relacionados con la historia militar de España /
Mención de responsabilidad, etc. por Ignacio Calvo Sánchez ; con ilustraciones fotográficas de M. Moreno.
260 ## - PUBLICACIÓN, DISTRIBUCIÓN, ETC.
Lugar de publicación, distribución, etc. Madrid :
Nombre del editor, distribuidor, etc. [s.n.],
Fecha de publicación, distribución, etc. 1919 (
Fabricante Imp. y Encuadernación de Julio Cosano)
300 ## - DESCRIPCIÓN FÍSICA
Extensión XX, 291 p., [48] h. de lám. :
Otras características físicas il. ;
Dimensiones 24 cm.
504 ## - NOTA DE BIBLIOGRAFÍA, ETC.
Nota de bibliografía, etc. Bibliografía: p. [XIII]-XIV.
530 ## - NOTA DISPONIBLE DE FORMULARIO FÍSICO ADICIONAL
Nota de formato físico adicional disponible Disponible en formato digital.
594 ## - Nota al título y mención de responsabilidad
Nota al título y mención de responsabilidad Precede al tít.: Junta de Iconografía Nacional. Memoria premiada en el concurso de 1916.
650 #4 - PUNTO DE ACCESO ADICIONAL DE MATERIA--TÉRMINO DE MATERIA
Término de materia o nombre geográfico como elemento de entrada Españoles-
Subdivisión cronológica S.XVI-
Subdivisión general Retratos.
9 (RLIN) 152466
650 #4 - PUNTO DE ACCESO ADICIONAL DE MATERIA--TÉRMINO DE MATERIA
Término de materia o nombre geográfico como elemento de entrada Españoles-
Subdivisión cronológica S.XVI-
Subdivisión general Biografías.
9 (RLIN) 152467
651 #4 - PUNTO DE ACCESO ADICIONAL DE MATERIA--NOMBRE GEOGRÁFICO
Nombre geográfico España-
Subdivisión general Historia militar-
Subdivisión cronológica 1516-1700.
9 (RLIN) 157091
700 1# - ENTRADA AGREGADA--NOMBRE PERSONAL
Nombre de persona Moreno, Mariano,
Fechas asociadas al nombre 1865-1925
9 (RLIN) 150599
710 2# - ENTRADA AGREGADA--NOMBRE DE ENTIDAD CORPORATIVA
Nombre de entidad corporativa o nombre de jurisdicción como elemento de entrada Junta de Iconografía Nacional (España)
9 (RLIN) 5394
852 ## - LOCALIZACIÓN
Ubicación ES-MaACL
Número de control de estantería B-9112
Ubicación en estantería Sala Pardo Bazán
Nota libre Revisado enlace: 9 de julio de 2025
856 4# - LOCALIZACIÓN Y ACCESO ELECTRÓNICOS
Identificador Uniforme de Recursos <a href="http://bdh-rd.bne.es/viewer.vm?id=0000103838&page=1 ">http://bdh-rd.bne.es/viewer.vm?id=0000103838&page=1 </a>
Texto de enlace Biblioteca Digital Hispánica
942 ## - ELEMENTOS DE ENTRADA SECUNDARIOS (KOHA)
Fuente del sistema de clasificación o colocación Clasificación decimal universal
Holdings
Estatus retirado Estado de pérdida Estado de daño No para préstamo Colección Biblioteca de origen Biblioteca actual Ubicación en estantería Fecha de adquisición Fuente de adquisición Total de préstamos Signatura topográfica completa Código de barras Visto por última vez Precio de reemplazo Tipo de ítem Koha
        Colección digital Biblioteca del Ateneo de Madrid Biblioteca del Ateneo de Madrid Sala Pardo Bazán 17/01/2008     B-9112 1041290 23/02/2023 23/02/2023 Libro impreso